Celeste Dialogue Quiz - Statistics

General Stats
  • This quiz has been taken 138 times
  • The average score is 34 of 45
Answer Stats
Question Tile Select % Correct
Which of these dialogues are from Madeline? "Good luck, and mind the wind!" No
94%
Which of these dialogues are from Badeline? "I'm stuck in a cycle." No
94%
Which of these dialogues are from Mr. Oshiro? "I'm feeling a strong inclination to run away." No
93%
Which of these dialogues are from Madeline? "YOLOOOOOO" No
92%
Which of these dialogues are from Madeline? "But, if I am unwelcome, I shall take my leave." No
90%
Which of these dialogues are from Granny? "You should seek help, lady." No
90%
Which of these dialogues are from Theo? "Madeline, you only call me when you're panicking in the middle of the night." No
89%
Which of these dialogues are from Theo? "You're unraveling and you know it" No
89%
Which of these dialogues are from Badeline? "Still think you can climb this mountain?" Yes
87%
Which of these dialogues are from Madeline? "...I'm dreaming, aren't I?" Yes
86%
Which of these dialogues are from Madeline? "No, it's alright. You can post it. I'm just not... photogenic." Yes
86%
Which of these dialogues are from Badeline? "Not much of a talker, are you?" No
86%
Which of these dialogues are from Granny? "She's like an adorable goth Madeline!" No
86%
Which of these dialogues are from Theo? "There you are! You certainly have a knack for wandering off!" No
86%
Which of these dialogues are from Theo? "#blessed" Yes
85%
Which of these dialogues are from Mr. Oshiro? "But please! Relax, and let the hotel staff handle it." Yes
85%
Which of these dialogues are from Mr. Oshiro? "I wish I could've helped." No
85%
Which of these dialogues are from Mr. Oshiro? "Come on, Ms. Madeline. You heard the man." No
83%
Which of these dialogues are from Madeline? "Sometimes it's hard to tell the difference between stubbornness and determination, isn't it?" No
83%
Which of these dialogues are from Mr. Oshiro? "A ghost? Don't be silly." Yes
81%
Which of these dialogues are from Mr. Oshiro? "Please stay." Yes
80%
Which of these dialogues are from Theo? "What a waste, to build all of this for no reason" No
79%
Which of these dialogues are from Theo? "How'd it shake out with El Creepo?" Yes
78%
Which of these dialogues are from Mr. Oshiro? "Stop trying to make me feel like a monster." No
78%
Which of these dialogues are from Badeline? "I can keep digging. I can pull us down to the center of the earth." Yes
77%
Which of these dialogues are from Granny? "It's good to see you two playing nice." Yes
77%
Which of these dialogues are from Granny? "How would I know if I were crazy?" Yes
76%
Which of these dialogues are from Badeline? "Madeline. I don't even know how to respond to that." No
74%
Which of these dialogues are from Theo? "Ugh, I'm exhausted" No
74%
Which of these dialogues are from Granny? "It's okay to be scared." No
72%
Which of these dialogues are from Theo? "Nailed it!" Yes
71%
Which of these dialogues are from Granny? "I've never met someone so angry at themselves." Yes
70%
Which of these dialogues are from Theo? "Is this canon?" Yes
69%
Which of these dialogues are from Mr. Oshiro? "There's a lot of history here." No
67%
Which of these dialogues are from Granny? "I'm just happy to see another human in such a lonely place." No
65%
Which of these dialogues are from Mr. Oshiro? "You're too kind. But I wouldn't even bother. It's a lost cause." Yes
65%
Which of these dialogues are from Madeline? "I don't have a smartphone." Yes
64%
Which of these dialogues are from Badeline? "This is just what I look like, okay? Deal with it." Yes
62%
Which of these dialogues are from Granny? "Believing in you was the easy part." No
60%
Which of these dialogues are from Granny? "Stop wasting both of our time and ask her. What have you got to lose?" Yes
57%
Which of these dialogues are from Madeline? "How's it taste?" Yes
56%
Which of these dialogues are from Badeline? "There's no shame in running back to your car and driving away." No
56%
Which of these dialogues are from Badeline? "Sometimes, you gotta know when to throw in the towel" No
51%
Which of these dialogues are from Madeline? "I need to learn to trust you." No
35%
Which of these dialogues are from Badeline? "Stop jinxing it." Yes
31%
No matching quizzes found
Score Distribution
Percent of People with Each Score
Percentile by Number Answered
Your Score History
You have not taken this quiz